00793nam a2200169Ia 4500008004100000020001800041082002300059100003600082245014400118260002200262300001000284440004800294650011700342700004700459952010000506999001700606120622s9999 xx 000 0 und d a968-7798-06-8 a378.0972 A571 v.17 aMoctezuma Hernández, Patricia aLa reorganización universitaria orientada por la vinculación ; un estudio de caso / Patricia Moctezuma Hernández y Alejandro Mungaray aMéxico : ANUIES a135 P aTemas de hoy en la educación superior: 17 a1.UNIVERSIDADES - ADMINISTRACIÓN - DECISIÓN \2. ADMINISTRACION ESCOLAR - DECISIÓN \ 3. TOMA DE DECISIONES aI. Mungaray Lagarda, Alejandro ; coaut.Ì 00104070a22b22d2009-01-19l0o378.0972 A571 V.17p01 011311r2012-06-24t1w2012-06-24yLB c60672d60672